=LDR 00000nam 2200000 4500 =001 INLIS000000000009173 =005 20130612101006 =008 ***********************************Ind** =035 ##$$0010-061300000009173 =041 ##$$a Ind =082 ##$$a 005.369 =090 ##$$a 005.369, Sug-s =100 ##$$a Sugeng, R =245 ##$$a Sistem informasi Akademik menggunakan turbo paseal, R. Soegeng, Hidayati yumusir =260 ##$$a 1997 $b Yogyakatra =300 ##$$a 198 hlm, Ilus, 21 cm =650 ##$$a Komputer-Program Turbo paseal =850 ##$$a NBPNMAT